Latinská Amerika - kontinent kontrastov

Hospodársky vývoj štátov Latinskej Ameriky od začiatku do konca 20. storočia - rýchly vzostup, ešte rýchlejší pád. V 80- tich rokoch - vznik dlžníckej krízy, vážne vnútorné problémy, snaha o zvrátenie nepriaznivého inflačného vývoja. Reformné opatrenia sa obmedzovali len na nástroje monetárnej polit...

Descrizione completa

Salvato in:
Dettagli Bibliografici
Autore principale: Svobodová, Valéria
Natura: Capitolo di libro
Lingua:slovacco
Soggetti:
Tags: Aggiungi Tag
Nessun Tag, puoi essere il primo ad aggiungerne!!

MARC

LEADER 00000naa$a2200000$$$4500
001 0036596
005 20240502071451.9
041 0 |a slo 
044 |a SK 
245 1 0 |a Latinská Amerika - kontinent kontrastov  |c Valéria Svobodová 
520 |a Hospodársky vývoj štátov Latinskej Ameriky od začiatku do konca 20. storočia - rýchly vzostup, ešte rýchlejší pád. V 80- tich rokoch - vznik dlžníckej krízy, vážne vnútorné problémy, snaha o zvrátenie nepriaznivého inflačného vývoja. Reformné opatrenia sa obmedzovali len na nástroje monetárnej politiky a riadenie menového kurzu, na periférii záujmu zostávala fiškálna reforma. Strata konkurencieschopnosti na svetových trhoch. Hlasy volajúce po novom ekonomickom systéme. V 90-tich rokoch - stabilizácia makroekonomického prostredia, ale odkladanie riešenia sociálnych a infraštrukturálnych otázok. Tri fázy ekonomickej transformácie v Latinskej Amerike. 
610 2 0 |a Latinská Amerika 
610 2 0 |a situácia hospodárska 
610 2 0 |a situácia sociálna 
610 2 0 |a vývoj hospodársky 
610 2 0 |a vývoj sociálny 
610 2 0 |a história 
100 1 |a Svobodová, Valéria